10 größte Fußball Stadien in Schleswig-Holstein - Statistiken

Allgemein
  • Dieses Quiz wurde 20 mal gespielt
  • Das Durchschnittsergebnis liegt bei 2 aus 10
Antwortstatistiken
Kapazität Verein Stadion % Korrekt
15.034 Holstein Kiel Holstein-Stadion
87%
10.434 VfB Lübeck Stadion an der Lohmühle
80%
2500 1. FC Phönix Lübeck Buniamshof
33%
5500 FC Kilia Kiel Kilia-Platz
20%
2500 SC Weiche Flensburg 08 Manfred-Werner-Stadion
13%
4999 VfB Neumünster Grümmi-Arena
7%
5001 Heider SV Stadion an der Meldorfer Straße
7%
5058 Eintracht Norderstedt Edmund-Plamberg-Stadion
0%
3000 SV Eichede Ernst-Wagener-Stadion
0%
10.000 SC Weiche Flensburg 08 II Flensburger Stadion
0%
Keine übereinstimmenden Quizze gefunden
Verteilung der Resultate
Anzahl Personen mit jedem Resultat
Perzentil nach korrekt beantworteten Fragen
Ihre Resultats-Entwicklung
Sie haben dieses Quiz noch nicht gespielt